Effects of Customer Relationship management on student satisfaction: (Record no. 3814)
| 000 -LEADER | |
|---|---|
| fixed length control field | 00518nam a22001577a 4500 |
| 003 - CONTROL NUMBER IDENTIFIER | |
| control field | OSt |
| 005 - DATE AND TIME OF LATEST TRANSACTION | |
| control field | 20170404124145.0 |
| 008 - FIXED-LENGTH DATA ELEMENTS--GENERAL INFORMATION | |
| fixed length control field | 170404b xxu||||| |||| 00| 0 eng d |
| 050 ## - LIBRARY OF CONGRESS CALL NUMBER | |
| Classification number | HF5415.55.K55 2016 |
| 100 ## - MAIN ENTRY--PERSONAL NAME | |
| Personal name | Kilungya, Syokau Michelle |
| 245 ## - TITLE STATEMENT | |
| Title | Effects of Customer Relationship management on student satisfaction: |
| Remainder of title | A case study of Riara university |
| Statement of responsibility, etc | Michelle S. Kilungya and Clifford Owino Kodhiambo |
| 260 ## - PUBLICATION, DISTRIBUTION, ETC. (IMPRINT) | |
| Place of publication, distribution, etc | Nairobi |
| Date of publication, distribution, etc | 2016 |
| 300 ## - PHYSICAL DESCRIPTION | |
| Extent | 44 p. |
| 700 ## - ADDED ENTRY--PERSONAL NAME | |
| Personal name | Kodiambo, O. Clifford |
| 942 ## - ADDED ENTRY ELEMENTS (KOHA) | |
| Source of classification or shelving scheme | |
| Koha item type | Research Project |
| Withdrawn status | Lost status | Source of classification or shelving scheme | Damaged status | Not for loan | Home library | Current library | Shelving location | Date acquired | Total Checkouts | Full call number | Barcode | Date last seen | Price effective from | Koha item type |
|---|---|---|---|---|---|---|---|---|---|---|---|---|---|---|
| Riara University Library | Riara University Library | Special Collection | 04/04/2017 | RUSC HF5415.55.K55 2016 | 8940/17 | 04/04/2017 | 04/04/2017 | Research Project |
